नपुंसक / (Record no. 116535)

MARC details
000 -LEADER
fixed length control field 00967nam a22002537a 4500
005 - DATE AND TIME OF LATEST TRANSACTION
control field 20170124103040.0
010 ## - LIBRARY OF CONGRESS CONTROL NUMBER
LC control number A-270811
020 ## - INTERNATIONAL STANDARD BOOK NUMBER
Terms of availability 25.00
035 ## - SYSTEM CONTROL NUMBER
System control number A-270811
037 ## - SOURCE OF ACQUISITION
Source of stock number/acquisition Cen Lib/Ret
040 ## - CATALOGING SOURCE
Original cataloging agency DPL
Language of cataloging HN
082 ## - DEWEY DECIMAL CLASSIFICATION NUMBER
Classification number
Item number मधुक
100 ## - MAIN ENTRY--PERSONAL NAME
Personal name मधुकर सिंह
9 (RLIN) 67029
245 ## - TITLE STATEMENT
Title नपुंसक /
Statement of responsibility, etc मधुकर सिंह
246 ## - VARYING FORM OF TITLE
Title proper/short title Napunsak /
Remainder of title by Madhukar Singh
260 ## - PUBLICATION, DISTRIBUTION, ETC. (IMPRINT)
Name of publisher, distributor, etc वाणी प्रकाशन
Place of publication, distribution, etc नई दिल्ली
Date of publication, distribution, etc 1986
270 ## - ADDRESS
City नई दिल्ली
Address ४६९८/५, २१ए- दरयागंज
Postal code 110002
300 ## - PHYSICAL DESCRIPTION
Extent 115पृ.
Dimensions 16सेमी(सजिल्द )
650 ## - SUBJECT ADDED ENTRY--TOPICAL TERM
Topical term or geographic name as entry element हिंदी साहित्य
General subdivision
Geographic subdivision
9 (RLIN) 67030
650 ## - SUBJECT ADDED ENTRY--TOPICAL TERM
Topical term or geographic name as entry element हिंदी साहित्य
General subdivision उपन्यास
9 (RLIN) 42619
650 ## - SUBJECT ADDED ENTRY--TOPICAL TERM
Topical term or geographic name as entry element Hindi literature
9 (RLIN) 67031
650 ## - SUBJECT ADDED ENTRY--TOPICAL TERM
Topical term or geographic name as entry element Hindi literature
General subdivision Fiction
9 (RLIN) 67032
942 ## - ADDED ENTRY ELEMENTS (KOHA)
Source of classification or shelving scheme Dewey Decimal Classification
Koha item type Hindi Books
Classification part
Call number suffix मधुक
Holdings
Withdrawn status Lost status Damaged status Not for loan Home library Current library Date acquired Source of acquisition Cost, normal purchase price Total Checkouts Full call number Barcode Date last seen Copy number Cost, replacement price Price effective from Koha item type
        Central Library Central Library 25/08/2015 Cen Lib/Ref 25.00   उ मधुक A-270811 25/08/2015 1 25.00 25/08/2015 Hindi Books

© Delhi Public Library
Hit Counter
free hit counter